[Event "Kupreichik Memorial Open 2018"]
[Site "Minsk"]
[Date "2018.06.22"]
[Round "7"]
[White "Tsigelnitskiy, Ilusha"]
[Black "Notkin, Maksim"]
[Result "1/2-1/2"]
[WhiteElo "2253"]
[BlackElo "2455"]
[Annotator "TA"]
[PlyCount "135"]
[EventDate "2018.06.21"]
[EventCountry "BLR"]
[SourceTitle "playchess.com"]
[Source "ChessBase"]
[SourceQuality "1"]

{[%evp 26,135,50,49,46,-5,40,47,33,42,27,29,53,9,16,14,0,5,43,29,33,19,15,16,35,15,15,0,49,0,17,-71,-65,-65,-58,-61,-62,-90,-35,-89,-80,-207,-209,-202,-111,-112,-126,-114,0,-5,-13,-21,-16,-112,-113,-113,-115,-108,-108,-331,-332,-343,-336,-425,0,-81,0,-423,-235,-202,0,0,0,0,0,0,0,0,0,0,0,0,0,0,0,0,0,0,0,0,0,0,0,0,0,0,0,0,0,0,0,0,0,0,0,0,0,0,0,0,0,0]} 1. e4 e5 2. Nf3 Nc6 3. Bc4 Bc5 4. c3 Nf6 5. d3 a6 6. Bb3 Ba7 7. O-O d6 8. h3 h6 9. Nbd2 O-O 10. Re1 Ne7 11. Nf1 Ng6 12. Ng3 Be6 {C54: Italienische Partie (Hauptvariante)} (12... Re8 13. d4 b5 14. Bc2 Bb7 15. a4 exd4 16. cxd4 c5 17. d5 c4 18. Nf5 b4 19. Bd2 Ne7 20. Ne3 b3 21. Bb1 Rc8 22. Bc3 Ng6 23. Nd2 {1-0 (74) Vocaturo,D (2616)-Gozzoli,Y (2598) Le Castella 2018}) 13. Bc2 Qc8 14. d4 {LiveBook: 3 Partien} Re8 {Weiß steht etwas besser.} 15. Nf5 (15. a3 $14) 15... d5 16. Nxe5 $146 ({Vorgänger:} 16. dxe5 Nxe4 17. N5d4 c5 18. Nxe6 Qxe6 19. Bxe4 dxe4 20. Rxe4 {½-½ (54) Skinke,K (2180)-Piarnpuu,L (2137) Tallinn 2008}) 16... Nxe5 17. dxe5 Nxe4 18. Nd4 Bd7 19. Bxe4 dxe4 20. Rxe4 c5 {[%cal Bc7c5,Bc5c4,Bc4d3][%mdl 32]} 21. Nf3 Bf5 22. Re1 Qc6 23. Bf4 Rad8 24. Qe2 Rd3 25. Rad1 c4 26. Nh4 Bh7 27. Nf3 Qd5 28. Nd4 (28. Qc2 $11 {bleibt in der Remisbreite.}) 28... Bxd4 $17 29. cxd4 Qxd4 30. Rxd3 cxd3 31. Qg4 Re6 (31... Bg6 $17 32. e6 Kh7) 32. Rc1 ({Lieber} 32. Bd2 $15 Qxb2 33. Bxh6 $1 {[%mdl 512]}) 32... Bg6 33. Qg3 (33. b3 $17 {war nötig.}) 33... Qxb2 $19 34. h4 Rc6 ({Günstiger ist} 34... Qxa2 $19 {Und weiter mit ...Dd5 wäre nett.} 35. h5 Bf5) 35. Rxc6 $17 bxc6 36. h5 Qb1+ (36... d2 $17 37. Bxd2 Qxd2 38. hxg6 Qd1+ 39. Kh2 Qh5+ 40. Kg1 Qxg6) 37. Kh2 $11 Bxh5 {...Lg6 ist eine echte Drohung.} 38. Bxh6 {[%csl Gh6][%cal Rg3g7]} Bg6 {[#]} 39. Be3 (39. e6 $1 $11 {[%mdl 512]} Qb7 (39... fxe6 40. Qxg6) 40. Bd2) 39... Qxa2 $17 40. Qg5 Qd5 41. Bd2 a5 {[%cal Ba6a5,Ba5a4][%mdl 32] zielt auf ...a4 ab.} 42. f4 $2 (42. Bc3 $17) 42... a4 $1 $19 {[%cal Ra4a3]} 43. Qg4 Qe6 $1 {[%cal Re6g4]} 44. Qg5 Qd5 $2 (44... a3 $19 {ist viel giftiger.} 45. Kg3 Qd5) 45. Qg4 $1 $17 Qe6 $2 {[%mdl 8192]} (45... Qd8 $17 46. f5 Bxf5 $1 {[%mdl 512]} 47. Qxf5 a3) 46. Qg5 $1 $19 {beabsichtigt Dd8+.} Qd7 (46... a3 $142 47. Qd8+ Kh7) 47. e6 Qe8 $2 (47... fxe6 48. Qxg6 a3 49. Qh5 $15) ({Besser ist} 47... Qxe6 $19 48. Qd8+ Kh7 49. Qh4+ {[#]} Bh5 $1 {[%mdl 512]} 50. Qxh5+ Qh6 51. Qxh6+ gxh6) 48. f5 $11 {[#]Die Stellung ist ausgeglichen.} Bxf5 $1 {[%mdl 512]} 49. Qxf5 Qxe6 50. Qxd3 f6 51. Bb4 Kf7 52. Kg3 Qb3 53. Qxb3+ axb3 {[%mdl 4096] Endspiel KL-KB} 54. Bc3 Ke6 {Droht ...Kd5 und aus.} 55. Kf4 Kd5 {Droht stark ...Kc4.} 56. Ke3 Kc4 57. Kd2 c5 58. Bb2 Kb4 59. Ke3 Kc4 60. Kd2 Kd5 61. Kc3 c4 62. Kb4 Ke4 63. Kxc4 Kf4 64. Kxb3 Kg3 65. Kc4 Kxg2 66. Kd5 Kf3 67. Bxf6 gxf6 68. Ke6 {Precision: Weiß = 49%, Schwarz = 53%.} 1/2-1/2

[Event "Kupreichik Memorial Open 2018"]
[Site "Minsk"]
[Date "2018.06.22"]
[Round "7"]
[White "Rakhmangulova, Anastasiya"]
[Black "Masjuk, Vladimir"]
[Result "1-0"]
[WhiteElo "2244"]
[BlackElo "1829"]
[Annotator "NA"]
[PlyCount "77"]
[EventDate "2018.06.21"]
[EventCountry "BLR"]
[SourceTitle "playchess.com"]
[Source "ChessBase"]
[SourceQuality "1"]
[TimeControl "900+10"]

1. e4 {[%emt 0:00:00]} e5 {[%emt 0:00:06]} 2. Nf3 {[%emt 0:00:00]} Nc6 {[%emt 0:00:02]} 3. Bc4 {[%emt 0:00:00]} Bc5 {[%emt 0:00:03]} 4. d3 {[%emt 0:00:00]} d6 {[%emt 0:00:01]} 5. c3 {[%emt 0:00:00]} Nf6 {[%emt 0:00:05]} 6. Bb3 {[%emt 0:00:01]} h6 {[%emt 0:00:08]} 7. O-O {[%emt 0:00:02]} O-O {[%emt 0:00:20]} 8. Nbd2 {[%emt 0:00:02]} Bg4 {[%emt 0:00:05]} 9. Re1 {[%emt 0:00:01]} b5 {[%emt 0:00:19]} 10. h3 {[%emt 0:00:12]} Bd7 {[%emt 0:00:11]} 11. Nf1 {[%emt 0:00:22]} Bb6 {[%emt 0:00:06]} 12. Ng3 {[%emt 0:00:05]} a5 {[%emt 0:00:12]} 13. a4 {[%emt 0:00:07]} b4 {[%emt 0:00:07]} 14. Rf1 {[%emt 0:01:28]} Rb8 {[%emt 0:00:06]} 15. Be3 {[%emt 0:00:48]} bxc3 {[%emt 0:00:57]} 16. bxc3 {[%emt 0:00:01]} Ne7 {[%emt 0:00:05]} 17. Nh4 {[%emt 0:00:16]} c6 {[%emt 0:00:42]} 18. Rb1 {[%emt 0:00:09]} d5 {[%emt 0:00:15]} 19. Nh5 {[%emt 0:01:16]} Ng6 {[%emt 0:00:35]} 20. Nxg6 {[%emt 0:00:10]} fxg6 {[%emt 0:00:07]} 21. Nxf6+ {[%emt 0:00:03]} Qxf6 {[%emt 0:00:10]} 22. Bxb6 {[%emt 0:00:10]} Rxb6 {[%emt 0:00:03]} 23. exd5 {[%emt 0:00:02]} Kh8 {[%emt 0:00:16]} 24. Bc4 {[%emt 0:05:38]} Rxb1 {[%emt 0:00:20]} 25. Qxb1 {[%emt 0:00:01]} Qg5 {[%emt 0:00:42]} 26. Qc1 {[%emt 0:00:17]} Rf4 {[%emt 0:01:26]} 27. dxc6 {[%emt 0:02:45]} Bxc6 {[%emt 0:00:06]} 28. f3 {[%emt 0:01:00]} Bxa4 {[%emt 0:04:46]} 29. Qa3 {[%emt 0:00:32]} Bd7 {[%emt 0:00:05]} 30. Qxa5 {[%emt 0:01:34]} Rf8 {[%emt 0:00:43]} 31. Qc5 {[%emt 0:02:25]} Rc8 {[%emt 0:01:00]} 32. f4 {[%emt 0:00:02]} Qd8 {[%emt 0:04:33]} 33. Qxe5 {[%emt 0:00:05]} Bf5 {[%emt 0:00:17]} 34. Rb1 {[%emt 0:00:23]} Bxd3 {[%emt 0:00:25]} 35. Rb7 {[%emt 0:00:09]} Qf8 {[%emt 0:00:43]} 36. Bxd3 {[%emt 0:00:03]} Re8 {[%emt 0:00:17]} 37. Qd4 {[%emt 0:00:28]} Rd8 {[%emt 0:00:19]} 38. Rd7 {[%emt 0:00:17]} Re8 {[%emt 0:00:31]} 39. Bxg6 {[%emt 0:00:05]} 1-0

[Event "Kupreichik Memorial Open 2018"]
[Site "Minsk"]
[Date "2018.06.22"]
[Round "7"]
[White "Cherepov, Alexej"]
[Black "Papunidi, Matvey"]
[Result "1/2-1/2"]
[WhiteElo "2234"]
[BlackElo "1751"]
[Annotator "NA"]
[PlyCount "114"]
[EventDate "2018.06.21"]
[EventCountry "BLR"]
[SourceTitle "playchess.com"]
[Source "ChessBase"]
[SourceQuality "1"]
[TimeControl "900+10"]

1. d4 {[%emt 0:00:00]} d5 {[%emt 0:00:01]} 2. c4 {[%emt 0:00:00]} c6 {[%emt 0:00:02]} 3. Nc3 {[%emt 0:00:00]} dxc4 {[%emt 0:00:17]} 4. e3 {[%emt 0:00:00]} b5 {[%emt 0:00:02]} 5. a4 {[%emt 0:00:00]} b4 {[%emt 0:00:06]} 6. Ne4 {[%emt 0:00:02]} Qd5 {[%emt 0:00:36]} 7. Ng3 {[%emt 0:00:04]} Nf6 {[%emt 0:00:26]} 8. Be2 {[%emt 0:00:43]} e6 {[%emt 0:02:45]} 9. e4 {[%emt 0:00:03]} Nxe4 {[%emt 0:00:08]} 10. Bf3 {[%emt 0:00:01]} f5 {[%emt 0:00:01]} 11. N1e2 {[%emt 0:02:47]} Bd6 {[%emt 0:02:27]} 12. O-O {[%emt 0:00:17]} Nd7 {[%emt 0:00:38]} 13. Nf4 {[%emt 0:00:36]} Bxf4 14. Bxf4 {[%emt 0:00:01]} O-O {[%emt 0:00:39]} 15. Re1 {[%emt 0:00:04]} Ndf6 {[%emt 0:00:18]} 16. Be5 {[%emt 0:00:16]} Bb7 {[%emt 0:03:49]} 17. Bxf6 {[%emt 0:01:21]} Rxf6 {[%emt 0:00:01]} 18. Nxe4 {[%emt 0:00:01]} fxe4 {[%emt 0:00:03]} 19. Bxe4 {[%emt 0:00:02]} Qd6 {[%emt 0:00:22]} 20. Rc1 {[%emt 0:01:27]} Raf8 {[%emt 0:00:58]} 21. f3 {[%emt 0:02:28]} Ba6 {[%emt 0:00:04]} 22. Kh1 {[%emt 0:02:18]} Rd8 {[%emt 0:00:20]} 23. Qe2 {[%emt 0:00:31]} Qxd4 {[%emt 0:02:12]} 24. Bxc6 {[%emt 0:00:12]} Qb6 {[%emt 0:01:16]} 25. Bb5 {[%emt 0:02:42]} Bxb5 {[%emt 0:00:03]} 26. axb5 {[%emt 0:00:01]} Qxb5 {[%emt 0:00:01]} 27. Qxc4 {[%emt 0:00:10]} Qxc4 {[%emt 0:00:03]} 28. Rxc4 {[%emt 0:00:01]} a5 {[%emt 0:00:42]} 29. Rc2 {[%emt 0:01:02]} Kf7 {[%emt 0:00:26]} 30. h3 {[%emt 0:00:10]} Rf5 {[%emt 0:00:03]} 31. Rc7+ {[%emt 0:00:26]} Kf6 {[%emt 0:00:01]} 32. Re2 {[%emt 0:00:31]} Rfd5 {[%emt 0:00:12]} 33. Kg1 {[%emt 0:00:36]} Rd2 {[%emt 0:00:38]} 34. Kf2 {[%emt 0:00:03]} Rxe2+ {[%emt 0:00:07]} 35. Kxe2 {[%emt 0:00:01]} Rd5 {[%emt 0:00:13]} 36. Rb7 {[%emt 0:00:06]} h5 {[%emt 0:00:25]} 37. h4 {[%emt 0:00:57]} g6 {[%emt 0:00:15]} 38. g3 {[%emt 0:00:20]} g5 {[%emt 0:00:22]} 39. hxg5+ {[%emt 0:00:45]} Rxg5 {[%emt 0:00:01]} 40. Kf2 {[%emt 0:00:06]} Rc5 {[%emt 0:00:01]} 41. Ra7 {[%emt 0:00:05]} Rc2+ {[%emt 0:00:23]} 42. Ke3 {[%emt 0:00:01]} Rxb2 {[%emt 0:00:08]} 43. Rxa5 {[%emt 0:00:01]} e5 {[%emt 0:00:23]} 44. Ke4 {[%emt 0:00:11]} Re2+ {[%emt 0:00:11]} 45. Kd3 {[%emt 0:00:01]} Rg2 {[%emt 0:00:12]} 46. Rb5 {[%emt 0:00:09]} Rxg3 {[%emt 0:00:03]} 47. Ke4 {[%emt 0:00:12]} h4 {[%emt 0:00:22]} 48. Rxb4 {[%emt 0:00:06]} h3 {[%emt 0:00:02]} 49. Rb8 {[%emt 0:00:21]} h2 {[%emt 0:00:14]} 50. Rh8 {[%emt 0:00:04]} Rg2 {[%emt 0:00:01]} 51. Rh6+ {[%emt 0:00:14]} Kg5 {[%emt 0:00:18]} 52. Rh8 {[%emt 0:00:02]} Re2+ {[%emt 0:00:04]} 53. Kd3 {[%emt 0:00:01]} Ra2 {[%emt 0:00:03]} 54. Ke4 {[%emt 0:00:08]} Ra4+ {[%emt 0:00:07]} 55. Kxe5 {[%emt 0:00:11]} Rh4 {[%emt 0:00:06]} 56. Rg8+ {[%emt 0:00:16]} Kh5 {[%emt 0:00:16]} 57. Rh8+ {[%emt 0:00:05]} Kg5 {[%emt 0:00:01] Ke4} 1/2-1/2

[Event "Kupreichik Memorial Open 2018"]
[Site "Minsk"]
[Date "2018.06.22"]
[Round "7"]
[White "Osmolny, Vladimir I"]
[Black "Arzumanian, Georgy"]
[Result "1/2-1/2"]
[WhiteElo "2163"]
[BlackElo "2474"]
[Annotator "TA"]
[PlyCount "96"]
[EventDate "2018.06.21"]
[EventCountry "BLR"]
[SourceTitle "playchess.com"]
[Source "ChessBase"]
[SourceQuality "1"]

{[%evp 24,96,0,-10,-10,-12,-20,-12,-8,-28,-15,-33,-16,-47,-30,-43,-48,-60,-50,-76,-62,-93,-80,-93,-81,-90,-108,-111,-70,-252,-218,-204,-204,-207,-147,-265,-33,-39,-29,-31,-19,-19,-15,-17,-27,-29,-25,-37,-29,-72,-10,-5,0,-54,-47,-39,-13,-15,0,0,0,0,0,0,0,0,0,0,0,0,0,0,0,0,0]} 1. c4 e6 2. Nf3 d5 3. g3 dxc4 4. Qa4+ Nd7 5. Bg2 a6 6. Qxc4 b5 7. Qc2 Bb7 8. O-O c5 9. b3 Ngf6 {[%cal Bg8f6,Bf6d5,Bd5b4][%mdl 32]} 10. d3 Be7 11. Bb2 O-O 12. Nbd2 Rc8 13. a4 {LiveBook: 3 Games. A13: English Opening: 1...e6} Nd5 14. axb5 axb5 15. Rfc1 Qb6 {[#]} 16. h4 $146 ({Predecessor:} 16. Ne4 Nb4 17. Qc3 {1-0 (57) Vachier Lagrave,M (2758)-Wojtaszek,R (2744) Beijing 2014}) 16... h6 17. Qd1 Rfe8 18. Ra2 Nb4 19. Ra3 Bf8 20. Rca1 Rcd8 21. Qc1 Nc6 22. R3a2 e5 23. Bc3 Nf6 {[%cal Bd7f6,Bf6d5,Bd5f4][%mdl 32]} 24. Ba5 Nxa5 25. Rxa5 Nd5 26. g4 $2 {[#]} (26. Ne1 $15) 26... Nf4 27. Qf1 Rd7 28. Kh2 Qe6 29. g5 (29. Rxb5 $17 Qg6 30. b4) 29... b4 $2 {[#]} (29... hxg5 $19 {Hoping for ...e4.} 30. Rxb5 e4 31. Nxg5 Qg4) 30. Bh3 $1 $15 {[%cal Rh3e6]} Nxh3 31. Qxh3 Qxh3+ 32. Kxh3 hxg5 33. hxg5 f5 {aiming for ...e4.} 34. gxf6 gxf6 35. Rg1+ Kf7 36. Ne4 Bxe4 ({Black should play} 36... Be7 $17) 37. dxe4 $11 Be7 38. Raa1 (38. Ra2 $11) 38... Rh8+ $15 39. Kg2 Rg8+ 40. Kf1 {The position is equal.} Rxg1+ (40... Rb8 {keeps more tension.} 41. Kg2 c4 42. bxc4 Rg8+ 43. Kf1 Rc8) 41. Kxg1 $11 {[%mdl 4096] Endgame KRB-KRN} Ke6 42. Ra6+ Kf7 43. Ra1 Rd8 44. Kf1 Rh8 45. Kg2 Rd8 46. Kf1 Rh8 47. Kg2 Rd8 48. Kf1 Rh8 {Precision: White = 44%, Black = 56%.} 1/2-1/2

[Event "Kupreichik Memorial Open 2018"]
[Site "Minsk"]
[Date "2018.06.22"]
[Round "7"]
[White "Kuznetsov, Mikhail V"]
[Black "Shevchenko, Kirill"]
[Result "1-0"]
[WhiteElo "2162"]
[BlackElo "2432"]
[Annotator "TA"]
[PlyCount "157"]
[EventDate "2018.06.21"]
[EventCountry "BLR"]
[SourceTitle "playchess.com"]
[Source "ChessBase"]
[SourceQuality "1"]

{[%evp 12,157,10,2,25,29,29,0,5,-8,8,3,8,0,51,14,12,2,58,58,74,63,108,79,97,92,113,64,89,72,79,45,51,55,65,4,38,26,45,0,36,20,27,15,29,22,27,0,32,0,29,0,0,0,16,15,28,0,43,36,35,34,43,45,47,52,291,279,297,291,299,298,292,278,270,275,346,341,354,354,354,342,350,347,363,341,397,390,407,410,397,397,395,389,431,418,561,561,561,561,561,561,1272,561,561,561,561,561,1384,1365,1372,1376,1372,1346,1396,1324,1131,1124,1112,1072,974,0,943,913,841,791,796,561,685,631,29972,29973,29973,29974,29966,29970,29974,29976,29978,29980,29978,29980,29981,29982,29982,29983,29983,29984]} 1. d4 Nf6 2. Nf3 g6 3. g3 Bg7 4. Bg2 O-O 5. O-O d6 6. Nc3 d5 {A49: 1 d4 Nf6 2 Nf3 g6 3 g3: Anti-King's Indian systems} (6... Nbd7 7. e4 e5 8. h3 c6 9. Be3 Qc7 10. a4 a5 11. Qd2 Re8 12. Rad1 exd4 13. Nxd4 Ne5 14. b3 Qe7 15. f4 Ned7 16. Bf2 Nc5 17. Rfe1 Nfd7 18. Kh2 h5 19. Nf3 b6 20. Bd4 Bh6 21. e5 {0-1 (75) Harikrishna,P (2744)-Onischuk,V (2637) Riadh 2017}) 7. Ne5 {LiveBook: 38 Games} Bf5 8. h3 h5 $146 {White has an edge.} ({Predecessor:} 8... Na6 9. g4 Be6 10. f4 c5 11. Be3 cxd4 12. Bxd4 Nb4 13. f5 gxf5 14. gxf5 {1-0 (36) Nielsen,J (2260)-Burgess,G (2300) Bellinge 1991}) 9. Bf4 c6 10. e3 Qc8 11. Kh2 Nbd7 12. Qe2 Nh7 (12... Nxe5 $11 13. Bxe5 Qd8) 13. e4 dxe4 14. Nxe4 Nhf6 (14... Nxe5 $11 15. Bxe5 (15. dxe5 Rd8 $11) 15... Rd8) 15. Nxf6+ $1 $14 Nxf6 16. c4 Qe6 17. Rfe1 Rad8 18. Rad1 Rfe8 19. Qf3 Qc8 20. Qa3 a6 21. Qb3 Nd7 22. Nf3 Nf6 23. Qb4 (23. Nh4 $14) 23... Be4 24. Qa5 Qf5 25. Qb4 {Nh4 is the strong threat.} Qc8 26. Rd2 e6 27. Qc3 Bxf3 28. Qxf3 {Strongly threatening Bg5.} Rd7 29. Rde2 Rf8 30. Rd2 Qd8 31. Be3 Qa5 32. a3 Rfd8 33. Red1 Nh7 34. Qf4 Qa4 (34... e5 {seems wilder.} 35. dxe5 Bxe5 36. Rxd7 Rxd7 37. Rxd7 Bxf4 38. gxf4 Qf5) 35. d5 $36 {[%mdl 2048] White is pushing.} cxd5 36. cxd5 Qxf4 37. Bxf4 {aiming for dxe6.} exd5 38. Bxd5 Kf8 $2 {[#]} (38... Nf8 $14) 39. Bxb7 $1 $18 {[%mdl 512]} Rxd2 (39... Rxb7 40. Rxd8+) 40. Rxd2 Rxd2 41. Bxd2 Bxb2 {[%mdl 4096] Endgame KBB-KBN} 42. Bb4+ ({Less strong is} 42. Bxa6 Bxa3 43. Kg2 Ke7 $14) 42... Ke8 43. Bxa6 Nf6 44. Bb5+ Kd8 45. Bc4 Ke8 46. Kg2 Bd4 47. f4 Ne4 48. a4 f5 49. Kf3 Nf2 50. Bf1 Kd7 51. Be1 Ne4 52. g4 hxg4+ 53. hxg4 Nc5 54. Bb5+ Ke7 55. g5 Nb7 56. Bb4+ Kf7 57. Bc4+ (57. Ba6 $142 Nc5 58. Bc4+ Ke8 59. a5) 57... Ke8 58. a5 {[%cal Ba4a5,Ba5a6][%mdl 32]} Nc5 59. a6 Ne4 60. Bd5 Nf2 61. Bd2 {[#] Intending Be3 and mate.} Ng4 62. Bc6+ Ke7 63. Bb4+ Kd8 64. Ba5+ Ke7 65. Bc7 Ba7 66. Ba5 $2 (66. Ke2 $18 Nf2 67. Ba5) 66... Ne3 $2 {[%mdl 8192]} (66... Bd4 $11 67. Ke2 Ba7) 67. Bb4+ Kd8 68. Bc3 Ke7 69. Bb5 Nc2 {and the idea ...Nd4+ leaves Black hopeful.} 70. Ke2 {Threatens to win with Kd3.} Nd4+ 71. Bxd4 $1 {White mates.} Bxd4 {KB-KB} 72. Kd3 Bg1 73. Kc4 Kd6 74. Be8 Kc7 75. Bxg6 Be3 76. Bxf5 Bxf4 77. g6 Bh6 78. Kd5 Kb6 79. Bd3 {Precision: White = 61%, Black = 23%.} 1-0

[Event "Kupreichik Memorial Open 2018"]
[Site "Minsk"]
[Date "2018.06.22"]
[Round "7"]
[White "Katashuk, Uladzislau"]
[Black "Zagorskii, Artem"]
[Result "0-1"]
[WhiteElo "2149"]
[BlackElo "1705"]
[Annotator "NA"]
[PlyCount "84"]
[EventDate "2018.06.21"]
[EventCountry "BLR"]
[SourceTitle "playchess.com"]
[Source "ChessBase"]
[SourceQuality "1"]
[TimeControl "900+10"]

1. g4 {[%emt 0:00:00]} d5 {[%emt 0:00:19]} 2. Bg2 {[%emt 0:00:00]} c6 {[%emt 0:00:02]} 3. h3 {[%emt 0:00:00]} e5 {[%emt 0:00:02]} 4. d4 {[%emt 0:00:00]} e4 {[%emt 0:01:06]} 5. c4 {[%emt 0:00:00]} Be7 {[%emt 0:00:11]} 6. Nc3 {[%emt 0:00:01]} Nf6 {[%emt 0:00:07]} 7. Bg5 {[%emt 0:00:19]} h6 {[%emt 0:00:05]} 8. Bxf6 Bxf6 {[%emt 0:00:02]} 9. e3 {[%emt 0:00:02]} a5 {[%emt 0:00:22]} 10. cxd5 {[%emt 0:00:14]} cxd5 {[%emt 0:00:04]} 11. Qb3 {[%emt 0:00:02]} Be6 {[%emt 0:01:10]} 12. Qxb7 {[%emt 0:00:10]} Na6 {[%emt 0:00:06]} 13. Qb5+ {[%emt 0:00:14]} Kf8 {[%emt 0:01:08]} 14. Nge2 {[%emt 0:00:24]} Nb4 {[%emt 0:00:15]} 15. O-O {[%emt 0:00:17]} Bd7 {[%emt 0:00:35]} 16. Qb7 {[%emt 0:11:13]} Bc6 {[%emt 0:00:02]} 17. Qxa8 {[%emt 0:00:01]} Bxa8 {[%emt 0:00:13]} 18. a3 {[%emt 0:00:01]} Nd3 {[%emt 0:00:01]} 19. Rab1 {[%emt 0:00:01]} Kg8 {[%emt 0:00:26]} 20. Rfd1 {[%emt 0:00:17]} Kh7 {[%emt 0:00:06]} 21. f3 {[%emt 0:00:01]} Bh4 {[%emt 0:01:05]} 22. fxe4 {[%emt 0:00:08]} Nf2 {[%emt 0:00:02]} 23. exd5 {[%emt 0:01:19]} Nxd1 {[%emt 0:00:08]} 24. Rxd1 {[%emt 0:00:02]} Bg5 {[%emt 0:00:31]} 25. e4 {[%emt 0:00:42]} Be3+ {[%emt 0:00:04]} 26. Kh1 {[%emt 0:00:05]} Qb6 {[%emt 0:00:26]} 27. e5 {[%emt 0:00:03]} Bg5 {[%emt 0:01:13]} 28. Rf1 {[%emt 0:00:42]} Kg8 {[%emt 0:04:52]} 29. Be4 {[%emt 0:01:07]} h5 {[%emt 0:00:24]} 30. Kg2 {[%emt 0:00:37]} hxg4 {[%emt 0:00:07]} 31. hxg4 {[%emt 0:00:01]} Be3 {[%emt 0:00:35]} 32. Rf5 {[%emt 0:01:48]} Qxb2 {[%emt 0:00:46]} 33. Rf1 {[%emt 0:00:02]} Qb6 {[%emt 0:00:36]} 34. Rb1 {[%emt 0:00:09]} Qd8 {[%emt 0:00:35]} 35. Kf3 {[%emt 0:00:20]} Rh3+ {[%emt 0:00:16]} 36. Kg2 {[%emt 0:00:01]} Rh8 {[%emt 0:00:32]} 37. Kf3 {[%emt 0:00:00]} Bd2 {[%emt 0:00:39]} 38. g5 {[%emt 0:00:41]} g6 {[%emt 0:00:11]} 39. d6 {[%emt 0:00:04]} Bxc3 {[%emt 0:00:20]} 40. Nxc3 {[%emt 0:00:01]} Rh3+ {[%emt 0:00:05]} 41. Kf4 {[%emt 0:00:22]} Rxc3 {[%emt 0:00:10]} 42. Bb7 {[%emt 0:00:07]} Rh3 {[%emt 0:00:37]} 0-1

[Event "Kupreichik Memorial Open 2018"]
[Site "Minsk"]
[Date "2018.06.22"]
[Round "7"]
[White "Sirotkina, Nina"]
[Black "Bernotas, Arturs"]
[Result "0-1"]
[WhiteElo "2116"]
[BlackElo "2410"]
[Annotator "TA"]
[PlyCount "114"]
[EventDate "2018.06.21"]
[EventCountry "BLR"]
[SourceTitle "playchess.com"]
[Source "ChessBase"]
[SourceQuality "1"]

{[%evp 17,114,12,17,0,8,-26,0,0,0,-31,0,-31,-24,-35,-35,-35,-27,-30,-23,-16,0,-28,-28,-43,-27,-24,-22,-33,-23,-58,-54,-60,-56,-61,-25,-41,0,0,0,0,177,-144,-143,-137,-137,-136,58,-2,-8,0,0,-8,-8,-8,-8,-8,-8,-8,-8,-8,-8,-8,0,0,0,0,0,0,0,-8,-8,-8,-8,-34,-34,-43,-8,-8,-8,-8,-8,-8,-8,-8,-8,-29970,-29973,-29977,-29978,-29978,-29979,-29977,-29980,-29982,-29983,-29983,-29984,-29987,-29988]} 1. d4 Nf6 2. Bf4 e6 3. Nd2 d5 4. e3 c5 5. c3 Nc6 6. Ngf3 Bd6 7. Bg3 O-O 8. Bb5 {D02: Damenbauernspiele} a6 (8... Be7 9. Bd3 b6 10. O-O Bb7 11. h3 Bd6 12. Bh4 Be7 13. Qb1 h6 14. a3 Nh5 15. Bxe7 Qxe7 {½-½ (64) Carlsen,M (2837)-Wang,H (2709) Riadh 2017}) 9. Bxc6 bxc6 {LiveBook: 30 Partien} 10. O-O {Die Stellung ist ausgeglichen.} a5 $146 ({Vorgänger:} 10... Bxg3 11. hxg3 Qb6 12. Qb3 Qxb3 13. axb3 cxd4 14. exd4 Bd7 15. Ne5 Rfb8 {1-0 (43) Dhulipalla,B (2335)-Prats Gaudo,O (2015) Barcelona 2017}) 11. Bh4 a4 12. Ne5 cxd4 13. cxd4 c5 14. Ng4 Be7 15. Nxf6+ Bxf6 16. Bxf6 Qxf6 17. Nf3 Ba6 18. Re1 Rfb8 19. b3 cxd4 20. exd4 axb3 21. axb3 Bb5 22. Qc2 h6 (22... Qe7 {is more complex.} 23. Rxa8 Rxa8 24. Rc1 Be8 25. Qd3 h6) 23. Qc7 {[#] zielt auf Txa8 ab.} Qd8 24. Qc5 Rxa1 25. Rxa1 Qc8 26. h3 Be2 {Und weiter mit ...Dxc5 wäre nett.} 27. Ne5 Qxc5 28. dxc5 $11 {[%mdl 4096] Endspiel KTL-KTS} f6 $2 (28... Rxb3 $11 {und Schwarz ist OK.} 29. Ra8+ Kh7) 29. Nd7 $2 ({Weiss braucht} 29. Nc6 $18 Rxb3 30. Nd4) 29... Rxb3 $17 30. Ra8+ Kf7 31. Ra7 Kg6 $2 (31... Ke8 $17 {...Tb1+ ist eine echte Drohung.} 32. Nb6 Bb5 33. Rxg7 d4 34. Rg8+ Ke7 35. Nc8+ Kd7) 32. g4 (32. c6 $14) 32... Kg5 $11 ({Vergiftet wäre} 32... Rxh3 $2 33. Nf8+ Kg5 34. Nxe6+ Kxg4 35. Rxg7+ Kh4 36. Nf4 $18) 33. Nf8 $1 {[%cal Rf8e6]} Bf3 ({Aber nicht} 33... Rxh3 $2 34. Nxe6+ Kxg4 35. Rxg7+ Kh4 36. Nf4 $18) 34. Rxg7+ ({Viel schwächer wäre} 34. Nxe6+ Kh4 $17) 34... Kh4 {( -> ...Tb1+)} 35. Kh2 Be4 36. Ng6+ Bxg6 $1 37. Rxg6 Rxh3+ {KT-KT} 38. Kg2 $132 {[%mdl 2048] Weiss puts up resistance} Rc3 {Droht ...e5 und aus.} 39. Rxf6 Kxg4 {Droht stark ...e5.} 40. Rxe6 h5 41. Rg6+ Kf5 42. Rh6 Kg5 43. Re6 (43. Rc6 {keeps more tension.} Rc4 44. Rc8 Kf5 45. c6 Ke6 46. c7) 43... Rxc5 44. Re5+ Kg4 {und nun wäre ...h4 stark für Schwarz.} 45. Re8 h4 46. Rd8 h3+ 47. Kh2 Kf3 48. Rf8+ $1 Ke4 {Weiss muss nun ...d4 beachten.} 49. Kxh3 d4 50. Kg4 d3 51. Re8+ $2 {[%mdl 8192] [#]} (51. Rd8 $11) 51... Kd4 {Schwarz setzt Matt.} 52. Rd8+ Rd5 53. Ra8 d2 54. Ra1 Kc3 55. f4 d1=Q+ 56. Rxd1 Rxd1 57. f5 Kd4 {Precision: Weiß = 38%, Schwarz = 50%.} 0-1

[Event "Kupreichik Memorial Open 2018"]
[Site "Minsk"]
[Date "2018.06.22"]
[Round "7"]
[White "Fedotov, Konstantin"]
[Black "Tsvetkova, Vladislava"]
[Result "1-0"]
[WhiteElo "2090"]
[BlackElo "1697"]
[Annotator "NA"]
[PlyCount "34"]
[EventDate "2018.06.21"]
[EventCountry "BLR"]
[SourceTitle "playchess.com"]
[Source "ChessBase"]
[SourceQuality "1"]
[TimeControl "900+10"]

1. e4 {[%emt 0:00:00]} c6 {[%emt 0:00:01]} 2. d4 {[%emt 0:00:00]} d5 {[%emt 0:00:03]} 3. Nd2 {[%emt 0:00:00]} dxe4 {[%emt 0:00:02]} 4. Nxe4 {[%emt 0:00:00]} Nf6 {[%emt 0:00:02]} 5. Ng3 {[%emt 0:00:04]} Qc7 {[%emt 0:00:11]} 6. c4 {[%emt 0:00:14]} Bg4 {[%emt 0:00:14]} 7. Qb3 {[%emt 0:00:27]} Nbd7 {[%emt 0:00:14]} 8. h3 {[%emt 0:00:06]} Be6 {[%emt 0:00:05]} 9. Bd3 {[%emt 0:00:21]} O-O-O {[%emt 0:00:13]} 10. N1e2 {[%emt 0:00:05]} g6 {[%emt 0:01:45]} 11. a4 {[%emt 0:00:16]} h5 {[%emt 0:00:24]} 12. a5 {[%emt 0:00:02]} h4 {[%emt 0:00:06]} 13. Bf4 {[%emt 0:00:07]} Ne5 {[%emt 0:00:16]} 14. Bxe5 {[%emt 0:00:04]} Qd7 {[%emt 0:00:04]} 15. Nf1 {[%emt 0:00:30]} c5 {[%emt 0:01:19]} 16. d5 {[%emt 0:00:49]} Bf5 {[%emt 0:00:24]} 17. Qa3 {[%emt 0:02:00]} e6 {[%emt 0:00:57]} 1-0